000 00671nam a2200205Ia 4500
001 22452
003 GE_BSU
008 181216s||||||||xx |||||||||||||| ||und||
040 _cGE_BSU
245 _aХранение и переработка сельхозсырья. №1 /2018
245 _bНаучно-теоретический журнал
245 _cГл. ред. О.П. Преснякова
260 _aМосква
260 _c2018
300 _a74 стр. 30см.
653 _aПериодика
653 _aХранение и переработка сельхозсырья. №1/2018
653 _aპერიოდიკა
942 _cCR
999 _c55374
_d55374